Golden Globe Award for Best Actor – Television Series Drama - Statistics

General Stats
  • This quiz has been taken 64 times
  • The average score is 10 of 58
Answer Stats
Year Actor % Correct
2013 Bryan Cranston
67%
2015 Jon Hamm
65%
2007 Jon Hamm
65%
1999 James Gandolfini
56%
2014 Kevin Spacey
44%
2000 Martin Sheen
44%
2012 Damian Lewis
32%
2001 Kiefer Sutherland
32%
1996 David Duchovny
28%
2009 Michael C. Hall
28%
1985 Don Johnson
26%
2006 Hugh Laurie
26%
2005 Hugh Laurie
26%
1994 Dennis Franz
25%
1995 Jimmy Smits
23%
1972 Peter Falk
23%
1984 Tom Selleck
21%
1981 Daniel J. Travanti
19%
1997 Anthony Edwards
18%
1966 Dean Martin
18%
1993 David Caruso
16%
1979 Ed Asner
16%
1977 Ed Asner
16%
1971 Robert Young
16%
2016 Billy Bob Thornton
14%
2011 Kelsey Grammer
14%
1990 Kyle MacLachlan
14%
2010 Steve Buscemi
14%
1975 Telly Savalas
12%
1974 Telly Savalas
12%
1973 James Stewart
11%
1967 Martin Landau
11%
2002 Michael Chiklis
11%
1975 Robert Blake
11%
1998 Dylan McDermott
9%
1988 Ron Perlman
9%
1965 David Janssen
7%
1983 John Forsythe
7%
1982 John Forsythe
7%
1969 Mike Connors
7%
1970 Peter Graves
7%
2008 Gabriel Byrne
5%
2004 Ian McShane
5%
1989 Ken Wahl
5%
1978 Michael Moriarty
5%
1976 Richard Jordan
5%
1992 Sam Waterston
5%
2003 Anthony LaPaglia
4%
1961 Bob Newhart
4%
1968 Carl Betz
4%
1986 Edward Woodward
4%
1964 Gene Barry
4%
1961 John Charles Daly
4%
1963 Mickey Rooney
4%
1980 Richard Chamberlain
4%
1962 Richard Chamberlain
4%
1987 Richard Kiley
4%
1991 Scott Bakula
4%
No matching quizzes found
Score Distribution
Percent of People with Each Score
Percentile by Number Answered
Your Score History
You have not taken this quiz